000 00446pab a2200133 454500
008 180718b1983 xxu||||| |||| 00| 0 eng d
245 _aHousing needs
_bImaginative approaches by HUDCO (Housing and Urban Development Corporation) and HFDC (Housing Finance Development Corporation)
260 _c1983
300 _a149-51
362 _aDec.
650 _aHousing - India
773 _aMonthly Commentary on Indian Economic Conditions
909 _a9898
999 _c9898
_d9898